[Event "AUTO-OPEN-694"]
[Site "http://www.queenalice.com/game.php?id=223382"]
[Date "2007.6.11"]
[Round "1"]
[White "priyathama"]
[Black "KaspaBranca"]
[Result "0-1"]
[WhiteElo "1425"]
[BlackElo "2223"]

1. e4 e5 2. Nf3 Nc6 3. Bc4 Nf6 4. Ng5 d5 5. exd5 Na5 6. Qe2 Nxc4 7. Qxc4 Qxd5 8.
Qxc7 Bd6 9. Qxf7+ Qxf7 10. Nxf7 Kxf7 11. d3 Bd7 12. Bg5 h6 13. Be3 b6 14. Nc3
Rad8 15. O-O Rc8 16. Rac1 Ba3 17. Rb1 Bxb2 18. Rxb2 Rxc3 0-1

[Event "AUTO-OPEN-694"]
[Site "http://www.queenalice.com/game.php?id=223383"]
[Date "2007.6.11"]
[Round "1"]
[White "KaspaBranca"]
[Black "priyathama"]
[Result "1/2-1/2"]
[WhiteElo "2212"]
[BlackElo "1621"]

1. d4 d5 2. Nf3 c5 3. dxc5 Qa5+ 4. c3 Qxc5 5. Be3 Qc7 6. Qxd5 Nf6 7. Qg5 h6 8.
Qg3 Qxg3 9. hxg3 e6 10. Nbd2 Nc6 11. Rd1 Ng4 12. Nc4 b5 13. Nd6+ Bxd6 14. Rxd6
Nxe3 15. Rxc6 Bb7 16. Rc7 Bxf3 17. exf3 Nxf1 18. Kxf1 O-O 19. Rh4 a6 20. Rd4
Rfd8 21. Ke2 Rxd4 22. cxd4 Rd8 23. Ke3 g5 24. Rc6 a5 25. Rc5 Rb8 26. f4 gxf4+
27. gxf4 Kf8 28. a3 a4 29. Ke4 b4 30. Ra5 bxa3 31. bxa3 Rb2 32. Rxa4 Rxf2 33. g4
Re2+ 34. Kf3 Re1 35. f5 exf5 36. gxf5 Kg7 37. Ra5 Kf6 38. a4 h5 39. Rc5 Rf1+ 40.
Kg2 Ra1 41. a5 Ra3 42. Rb5 h4 43. Kh2 Kg5 44. f6+ Kxf6 45. Rh5 Ra4 46. Kh3 Rxd4
47. Rxh4 Rd3+ 1/2-1/2

[Event "AUTO-OPEN-694"]
[Site "http://www.queenalice.com/game.php?id=223384"]
[Date "2007.6.11"]
[Round "1"]
[White "priyathama"]
[Black "Lightningzap007"]
[Result "1-0"]
[WhiteElo "1635"]
[BlackElo "1706"]

1. e4 e5 2. Nf3 Nc6 3. Bc4 Nf6 4. Ng5 d5 5. exd5 b5 6. Bxb5 Qxd5 7. Bxc6+ Qxc6
8. Qf3 Bb7 9. Qxc6+ Bxc6 10. O-O Bd6 11. d3 Rb8 12. b3 h6 13. Nf3 Bxf3 14. gxf3
1-0

[Event "AUTO-OPEN-694"]
[Site "http://www.queenalice.com/game.php?id=223385"]
[Date "2007.6.11"]
[Round "1"]
[White "Lightningzap007"]
[Black "priyathama"]
[Result "0-1"]
[WhiteElo "1687"]
[BlackElo "1654"]

1. e4 e5 2. Nf3 Nc6 3. Bc4 Nd4 4. Nxd4 exd4 5. d3 c6 6. Qf3 Qf6 7. Qxf6 Nxf6 8.
Bg5 Be7 9. O-O O-O 10. e5 Nd5 11. Bxe7 Nxe7 12. Nd2 a5 13. a3 b5 14. Bb3 a4 15.
Ba2 Nf5 0-1

[Event "AUTO-OPEN-695"]
[Site "http://www.queenalice.com/game.php?id=223745"]
[Date "2007.6.11"]
[Round "1"]
[White "gogi05"]
[Black "priyathama"]
[Result "1-0"]
[WhiteElo "1967"]
[BlackElo "1519"]

1. e4 e5 2. Nf3 Nc6 3. Bc4 Nd4 4. d3 Nxf3+ 5. Qxf3 Nf6 6. Bg5 Be7 7. Nc3 O-O 8.
Bxf6 Bxf6 9. Nd5 Be7 10. O-O c6 11. Ne3 a5 12. a4 b6 13. Nf5 d6 14. Nxe7+ Qxe7
15. h3 Bb7 16. Rfe1 c5 17. Qe2 Bc8 18. Qe3 Qf6 19. Rf1 Rb8 20. f4 Be6 21. b3
exf4 22. Qxf4 Qc3 23. Rac1 Bxc4 24. dxc4 Rbd8 25. Kh1 Qe5 26. Qh4 1-0

[Event "AUTO-OPEN-695"]
[Site "http://www.queenalice.com/game.php?id=223746"]
[Date "2007.6.11"]
[Round "1"]
[White "priyathama"]
[Black "gogi05"]
[Result "0-1"]
[WhiteElo "1521"]
[BlackElo "1965"]

1. e4 c6 2. d4 d5 3. e5 Bf5 4. Nf3 e6 5. c3 Be7 6. Bd3 Bg4 7. h3 Bh5 8. g4 Bg6
9. Bxg6 hxg6 10. Nbd2 Nh6 11. Nb3 Nxg4 12. Rg1 Nh6 13. Bg5 Nd7 14. Bxe7 Qxe7 15.
Qd2 Nf5 16. Rh1 Nh4 17. Qe2 Nxf3+ 18. Qxf3 Qg5 19. h4 Rxh4 20. Rxh4 Qxh4 21.
O-O-O b6 22. Nd2 Qe7 23. Rh1 O-O-O 24. Rh7 Rg8 25. Nf1 b5 0-1

[Event "AUTO-OPEN-695"]
[Site "http://www.queenalice.com/game.php?id=223767"]
[Date "2007.6.11"]
[Round "1"]
[White "valdiluis"]
[Black "priyathama"]
[Result "0-1"]
[WhiteElo "1893"]
[BlackElo "1569"]

1. e4 e5 2. f4 exf4 3. Nf3 g5 4. Bc4 d6 5. O-O g4 6. d4 gxf3 7. Qxf3 Nd7 8. Bxf4
Bg7 9. Bxd6 Bxd4+ 10. Kh1 Ngf6 11. Ba3 Ne5 12. Qxf6 Qxf6 13. Rxf6 Nxc4 14. Rf1
Nxa3 15. Nxa3 Bxb2 16. Nb5 Be5 17. Rab1 a6 18. Na3 b6 19. Nc4 f6 20. Nxe5 fxe5
21. Rf6 Rf8 22. Rh6 Rf7 23. h3 Bb7 24. Re1 O-O-O 25. Kh2 Rd2 26. c4 Rff2 27.
Rxh7 Rxg2+ 28. Kh1 Rh2+ 29. Kg1 Rdg2+ 30. Kf1 Rxa2 31. Kg1 Rhd2 32. h4 Bxe4 33.
Rh8+ Kb7 34. Rc1 Rg2+ 35. Kf1 Bd3+ 0-1

[Event "AUTO-OPEN-695"]
[Site "http://www.queenalice.com/game.php?id=223768"]
[Date "2007.6.11"]
[Round "1"]
[White "priyathama"]
[Black "valdiluis"]
[Result "1-0"]
[WhiteElo "1598"]
[BlackElo "1864"]

1. e4 e5 2. Nf3 Nf6 3. Nc3 Bc5 4. Bc4 Nc6 5. d3 d6 6. Bg5 Bg4 7. h3 Bh5 8. Bxf6
Qxf6 9. Nd5 Qd8 10. g4 Bg6 11. h4 f6 12. Qd2 Bf7 13. g5 Nd4 14. Nxd4 exd4 15. b4
Bxd5 16. Bxd5 Bb6 17. a4 c6 18. Bb3 c5 19. a5 Bc7 20. gxf6 Qxf6 21. b5 b6 22. a6
O-O-O 23. O-O-O Rhf8 24. Qg5 h6 25. Qd5 Qxf2 26. Qb7+ Kd7 27. Qc6+ Ke7 28. Rdg1
Qf4+ 29. Kb2 Qe5 30. Rg6 Rd7 31. Rhg1 c4 32. Rxg7+ Rf7 33. Rxf7+ Kxf7 34. Qxd7+
Kf6 35. Qg7+ 1-0

[Event "AUTO-OPEN-695"]
[Site "http://www.queenalice.com/game.php?id=223779"]
[Date "2007.6.11"]
[Round "1"]
[White "R_Mutt"]
[Black "priyathama"]
[Result "1-0"]
[WhiteElo "2260"]
[BlackElo "1623"]

1. Nc3 e5 2. Nf3 Nc6 3. d4 exd4 4. Nxd4 Bc5 5. Nf5 Qf6 6. e4 g6 7. Nd5 Qe5 8.
Bf4 Qxe4+ 9. Nfe3 Bb6 10. Bd3 Qe6 11. Nxb6 axb6 12. Bc4 Qe7 13. O-O d6 14. Nd5
Qd8 15. Re1+ Be6 16. Qg4 Kf8 17. Rxe6 fxe6 18. Bg5 Qc8 19. Qf4+ Kg7 20. Bf6+
Nxf6 21. Qxf6+ Kh6 22. g4 exd5 23. g5+ Kh5 24. Be2+ 1-0

[Event "AUTO-OPEN-695"]
[Site "http://www.queenalice.com/game.php?id=223780"]
[Date "2007.6.11"]
[Round "1"]
[White "priyathama"]
[Black "R_Mutt"]
[Result "0-1"]
[WhiteElo "1694"]
[BlackElo "2299"]

1. e4 e5 2. Nf3 d6 3. Bc4 f5 4. d3 c6 5. Nc3 Nf6 6. Bg5 Nbd7 7. O-O Be7 8. Bxf6
Nxf6 9. exf5 d5 10. Bb3 O-O 11. Nxe5 Bd6 12. Re1 Qc7 13. d4 Bxf5 14. Nf3 Ng4 15.
g3 Kh8 16. Re2 Nf6 17. Nh4 Bg4 18. f3 Bh5 19. Kg2 g5 20. Nf5 Bxf3+ 21. Kxf3 Nh5
22. g4 Bxh2 23. Kg2 Nf4+ 24. Kh1 Nxe2 25. Qxe2 Bf4 26. Re1 Qf7 27. Kg2 Rae8 28.
Qf2 Rxe1 29. Qxe1 Re8 30. Qf2 Qe6 31. Qf1 h5 32. Qh1 h4 33. Qf1 b5 34. a3 a5 35.
Ba2 b4 36. axb4 axb4 37. Nd1 Qe4+ 38. Kg1 Qxc2 39. Nxh4 Qh2# 0-1

[Event "AUTO-OPEN-697"]
[Site "http://www.queenalice.com/game.php?id=224420"]
[Date "2007.6.13"]
[Round "1"]
[White "CampbellMarcel"]
[Black "priyathama"]
[Result "0-1"]
[WhiteElo "596"]
[BlackElo "1547"]

1. e4 e5 2. Nf3 Nc6 3. Bc4 Nd4 4. Bxf7+ Kxf7 5. Nxe5+ Ke8 6. c3 d6 7. Qh5+ g6 8.
Qd1 dxe5 9. cxd4 Qxd4 10. d3 Bc5 11. O-O Nf6 12. Nc3 a6 13. Be3 Qb4 14. Bxc5
Qxc5 15. Rc1 Qd6 16. Ne2 Bd7 17. f4 Bg4 18. fxe5 Qxe5 19. Qc2 Bxe2 20. Qxe2 Kd7
0-1

[Event "AUTO-OPEN-697"]
[Site "http://www.queenalice.com/game.php?id=224421"]
[Date "2007.6.13"]
[Round "1"]
[White "priyathama"]
[Black "CampbellMarcel"]
[Result "0-1"]
[WhiteElo "1528"]
[BlackElo "1791"]

1. e4 e5 2. Nf3 d6 3. d4 exd4 4. Nxd4 c5 5. Nf3 Be7 6. Bc4 Be6 7. Bb5+ Nc6 8.
Nc3 a6 9. Bxc6+ bxc6 10. O-O Nf6 0-1

[Event "AUTO-OPEN-697"]
[Site "http://www.queenalice.com/game.php?id=224448"]
[Date "2007.6.13"]
[Round "1"]
[White "JManoel"]
[Black "priyathama"]
[Result "1-0"]
[WhiteElo "2110"]
[BlackElo "1521"]

1. d4 d5 2. c4 c6 3. Nf3 Nf6 4. Nc3 g6 5. Bg5 Bg7 6. e3 Bg4 7. Qb3 Bxf3 8. Qxb7
Nbd7 9. gxf3 O-O 10. Qxc6 Rb8 11. cxd5 Rxb2 12. Rc1 Rb6 13. Qa4 a6 14. Bxa6 Rd6
15. e4 Ne8 16. Nb5 Nb6 17. Qa5 Nxd5 18. Qxd8 Rxd8 19. exd5 f6 20. Be3 1-0

[Event "AUTO-OPEN-697"]
[Site "http://www.queenalice.com/game.php?id=224449"]
[Date "2007.6.13"]
[Round "1"]
[White "priyathama"]
[Black "JManoel"]
[Result "0-1"]
[WhiteElo "1521"]
[BlackElo "2109"]

1. e4 c5 2. Bc4 e6 3. Nf3 Nf6 4. d3 Nc6 5. Nc3 d5 6. exd5 exd5 7. Bb5 d4 8.
Bxc6+ bxc6 9. Qe2+ Be7 10. Ne4 O-O 11. O-O Re8 12. c3 Bf5 13. Nxf6+ Bxf6 14. Qd1
dxc3 15. bxc3 Bxd3 16. Bb2 Bxf1 17. Qxf1 Rb8 18. Rb1 Qd5 19. a3 Qa2 20. Qc1 Bxc3
0-1

[Event "AUTO-OPEN-697"]
[Site "http://www.queenalice.com/game.php?id=224466"]
[Date "2007.6.13"]
[Round "1"]
[White "R_Mutt"]
[Black "priyathama"]
[Result "1-0"]
[WhiteElo "2281"]
[BlackElo "1678"]

1. e4 e5 2. f4 exf4 3. Nf3 g5 4. Nc3 g4 5. Ne5 d6 6. Nxg4 Bxg4 7. Qxg4 Bh6 8. d4
Nc6 9. Bxf4 Nxd4 10. O-O-O Bxf4+ 11. Qxf4 Ne6 12. Qf3 Qg5+ 13. Kb1 Qf4 14. Qh5
O-O-O 15. Qa5 Kb8 16. Nb5 a6 17. Nc3 Nf6 18. Bxa6 bxa6 19. Rhf1 Qg5 20. Rf5 Qg6
21. Qxa6 Nc5 22. Qb5+ Kc8 23. Qc6 Kb8 24. Rxf6 Qxf6 25. Nd5 1-0

[Event "AUTO-OPEN-697"]
[Site "http://www.queenalice.com/game.php?id=224467"]
[Date "2007.6.13"]
[Round "1"]
[White "priyathama"]
[Black "R_Mutt"]
[Result "0-1"]
[WhiteElo "1680"]
[BlackElo "2280"]

1. e4 e5 2. Nf3 d5 3. exd5 e4 4. Nd4 c6 5. c3 Nf6 6. dxc6 Nxc6 7. Bb5 Qb6 8. Na3
Bc5 9. Nc4 Qc7 10. Nxc6 bxc6 11. Ba4 Ba6 12. Bb3 Rd8 13. O-O Rd3 14. Ne3 Bd6 15.
Kh1 Bxh2 16. Ng4 Bd6 17. Nxf6+ gxf6 18. Qg4 f5 19. Qxf5 Qe7 20. Qh5 Rg8 21. Re1
Kd8 22. Bc2 Rd5 23. Qh3 Rdg5 24. Bxe4 Rxg2 25. d3 Rh2+ 26. Qxh2 Bxh2 27. Bd2 Qh4
0-1

[Event "kulalking"]
[Site "http://www.queenalice.com/game.php?id=230564"]
[Date "2007.6.25"]
[Round "1"]
[White "priyathama"]
[Black "Alx"]
[Result "1-0"]
[WhiteElo "1504"]
[BlackElo "1550"]

1. e4 e5 2. Nf3 Nc6 3. Bc4 Nf6 4. Nc3 a6 5. d3 b5 6. Bb3 d6 7. Ng5 Bg4 8. Bxf7+
Ke7 9. Nd5+ Kd7 10. Nxf6+ gxf6 11. Qxg4+ f5 12. Qxf5+ Ke7 13. Qe6# 1-0

[Event "QA-ANNIV-03"]
[Site "http://www.queenalice.com/game.php?id=246861"]
[Date "2007.7.27"]
[Round "2"]
[White "TopMind"]
[Black "priyathama"]
[Result "1-0"]
[WhiteElo "2125"]
[BlackElo "1571"]

1. c4 e5 2. e3 c6 3. Nc3 d5 4. cxd5 cxd5 5. Bb5+ Nc6 6. Qb3 Be6 7. d4 exd4 8.
exd4 Nf6 9. Nf3 Be7 10. O-O O-O 11. Bf4 Rc8 12. Rfe1 Ne4 13. Rac1 a6 14. Bd3 g5
15. Be3 g4 16. Bxe4 dxe4 17. d5 Na5 18. Qc2 Bxd5 19. Red1 exf3 20. Rxd5 Rxc3 21.
Rxd8 Rxc2 22. Rxf8+ Kxf8 23. Rxc2 Bf6 24. gxf3 gxf3 25. b3 Nc6 26. Bc5+ Kg7 27.
Rd2 Ne5 28. Bd4 h5 29. Bc3 Ng4 30. Bxf6+ Nxf6 31. Rd6 Ne4 32. Rb6 Nc3 33. a4 Ne4
34. Rxb7 Nc3 35. Ra7 Ne2+ 36. Kf1 Nd4 37. b4 Nc6 38. Rxa6 Nxb4 39. Rd6 f6 40. a5
Kg6 41. Rb6 Nd5 42. Rb7 Nf4 43. a6 Nd3 44. a7 Ne5 45. a8=Q h4 46. Qg8+ Kf5 47.
Rb5 h3 48. Rxe5+ 1-0

[Event "kulalking"]
[Site "http://www.queenalice.com/game.php?id=268798"]
[Date "2007.9.8"]
[Round "3"]
[White "priyathama"]
[Black "deep"]
[Result "0-1"]
[WhiteElo "1625"]
[BlackElo "1979"]

1. e4 c5 2. Nf3 d6 3. d4 cxd4 4. Nxd4 Nf6 5. Nc3 a6 6. Bd3 e6 7. O-O Be7 8. Qf3
O-O 9. Rd1 Qc7 10. Qg3 Kh8 11. Bg5 Nh5 12. Qg4 Bxg5 13. Qxg5 Nf6 14. Rd2 h6 15.
Qe3 b5 16. Nde2 Nbd7 17. b4 Bb7 18. a4 bxa4 19. Nxa4 Bc6 20. Nd4 Bxa4 21. Rxa4
Ne5 22. Rd1 Qa7 0-1

[Event "QA-ANNIV-03"]
[Site "http://www.queenalice.com/game.php?id=270050"]
[Date "2007.9.11"]
[Round "3"]
[White "priyathama"]
[Black "xandudz"]
[Result "1-0"]
[WhiteElo "1671"]
[BlackElo "1502"]

1. e4 e5 2. Nf3 Nc6 3. Bc4 h6 4. Nc3 Nf6 5. O-O Bc5 6. Nd5 O-O 7. d3 d6 8. Bd2
Bg4 9. b4 Bb6 10. h3 Bh5 11. Nxf6+ Qxf6 12. g4 Bg6 13. a4 a6 14. g5 Qe7 15. c3
h5 16. Nh4 Bh7 17. Qxh5 g6 18. Nxg6 Bxg6 19. Qxg6+ Kh8 20. Qh6+ Kg8 21. g6 d5
22. Qh7# 1-0